[Event "PRO League All Stars St1"]
[Site "chess.com INT"]
[Date "2018.09.08"]
[Round "9"]
[White "Xiong, Jeffery"]
[Black "Le, Quang Liem"]
[Result "1-0"]
[WhiteTitle "GM"]
[BlackTitle "GM"]
[WhiteElo "2651"]
[BlackElo "2715"]
[WhiteTeam "Pacific"]
[BlackTeam "Atlantic"]
[WhiteFideId "2047640"]
[BlackFideId "12401137"]
[EventDate "2018.09.08"]

1. d4 Nf6 2. Nf3 e6 3. c4 Bb4+ 4. Bd2 a5 5. g3 b6 6. Bg2 Bb7 7. O-O O-O 8. Bf4
Be7 9. Nc3 Ne4 10. Nb5 c6 11. Nc7 Ra7 12. Qb3 d6 13. Qxb6 Nd7 14. Qxa7 Qxc7 15.
d5 c5 16. dxe6 Nb8 17. Nd4 cxd4 18. Bxe4 Nc6 19. exf7+ Kxf7 20. Bxc6 Qxc6 21. f3
g5 22. Bd2 Bf6 23. Qxa5 Re8 24. Qf5 Re5 25. Qxh7+ Ke6 26. Rae1 g4 27. Bf4 gxf3
28. exf3 1-0

[Event "PRO League All Stars St1"]
[Site "chess.com INT"]
[Date "2018.09.08"]
[Round "10"]
[White "Smirnov, Anton"]
[Black "Lenderman, Aleksandr"]
[Result "0-1"]
[WhiteTitle "GM"]
[BlackTitle "GM"]
[WhiteElo "2549"]
[BlackElo "2630"]
[WhiteTeam "Pacific"]
[BlackTeam "Atlantic"]
[WhiteFideId "3208923"]
[BlackFideId "2021285"]
[EventDate "2018.09.08"]

1. e4 e5 2. Nf3 Nf6 3. Nc3 Nc6 4. d4 exd4 5. Nxd4 Bb4 6. Nxc6 dxc6 7. Qxd8+ Kxd8
8. f3 Be6 9. Bd2 Nd7 10. a3 Bd6 11. O-O-O f6 12. Be3 Ke7 13. Be2 g5 14. Kb1 h5
15. g3 Ne5 16. f4 gxf4 17. gxf4 Ng4 18. Bxg4 hxg4 19. Rd2 Rh3 20. Re1 Rxe3 21.
Rxe3 Bxf4 22. Ree2 Bxd2 23. Rxd2 Rh8 24. Kc1 Rh3 25. Rf2 Kd6 26. Ne2 Rf3 27. Rg2
Ke5 28. Ng3 c5 29. Kd2 b5 30. Re2 a5 31. Re3 Rf4 32. Ke1 b4 33. Ke2 Bf7 34. Ke1
c4 35. axb4 axb4 36. Re2 Bg6 37. Rf2 Rxf2 38. Kxf2 Bxe4 39. c3 bxc3 40. bxc3 f5
41. Ne2 f4 42. Nd4 c5 43. Nb5 Bc6 44. Na3 Kd5 45. Nb1 Ke4 46. Ke2 f3+ 47. Kd2
Kf4 48. Na3 g3 49. hxg3+ Kxg3 50. Nxc4 f2 51. Ne3 Bb5 52. c4 Bxc4 53. Nf5+ Kf4
54. Ne3 f1=Q 0-1

[Event "PRO League All Stars St1"]
[Site "chess.com INT"]
[Date "2018.09.08"]
[Round "10"]
[White "Meier, Georg"]
[Black "Andriasian, Zaven"]
[Result "1-0"]
[WhiteTitle "GM"]
[BlackTitle "GM"]
[WhiteElo "2639"]
[BlackElo "2603"]
[WhiteTeam "Central"]
[BlackTeam "Eastern"]
[WhiteFideId "4675789"]
[BlackFideId "13302000"]
[EventDate "2018.09.08"]

1. Nf3 d5 2. g3 Bg4 3. Bg2 Nd7 4. h3 Bxf3 5. Bxf3 c6 6. d3 Ngf6 7. Nd2 e6 8. Bg2
Bd6 9. c4 O-O 10. O-O Re8 11. d4 e5 12. cxd5 cxd5 13. dxe5 Nxe5 14. Nf3 Nxf3+
15. Bxf3 Qb6 16. Kg2 Be5 17. Qd3 Rad8 18. a4 Ne4 19. Be3 Qg6 20. Bxe4 dxe4 21.
Qb5 h5 22. Rad1 Rc8 23. Rd5 a6 24. Qxb7 h4 25. Rxe5 hxg3 26. fxg3 Rxe5 27. Qxc8+
Kh7 28. Qc4 f6 29. b4 Qh5 30. g4 Qe8 31. Rf5 Rxf5 32. gxf5 Qxa4 33. Qxe4 a5 34.
Bc5 Qb5 35. Kf3 a4 36. Qd3 Qb7+ 37. e4 Qb8 38. b5 Qh2 39. b6 Qxh3+ 40. Ke2 Qg2+
41. Bf2 Qh1 42. b7 Qh5+ 43. Ke1 Qe8 44. Bg3 a3 45. b8=Q a2 46. Qxe8 a1=Q+ 47.
Kf2 Qb2+ 48. Qe2 Qd4+ 49. Kg2 1-0

[Event "PRO League All Stars St1"]
[Site "chess.com INT"]
[Date "2018.09.08"]
[Round "10"]
[White "Melkumyan, Hrant"]
[Black "Jones, Gawain C B"]
[Result "1-0"]
[WhiteTitle "GM"]
[BlackTitle "GM"]
[WhiteElo "2660"]
[BlackElo "2677"]
[WhiteTeam "Eastern"]
[BlackTeam "Central"]
[WhiteFideId "13302485"]
[BlackFideId "409561"]
[EventDate "2018.09.08"]

1. d4 Nf6 2. Nf3 g6 3. Nc3 d5 4. Bf4 Bg7 5. Nb5 Na6 6. e3 c6 7. Nc3 O-O 8. h3
Qa5 9. Nd2 Nd7 10. Nb3 Qb6 11. Be2 e5 12. Bg3 Re8 13. O-O Nab8 14. Na4 Qb4 15.
Nc3 Qe7 16. Re1 h5 17. Bf1 h4 18. Bh2 e4 19. Ne2 Nf8 20. Nd2 Nbd7 21. c4 Nb6 22.
Nc3 Bf5 23. Rc1 Ne6 24. cxd5 Nxd5 25. Nxd5 cxd5 26. Qb3 Rad8 27. Nb1 Qg5 28. Kh1
Rc8 29. Nc3 Nxd4 30. exd4 Bxd4 31. Bg1 Be6 32. Qd1 Be5 33. Bh2 Bxh2 34. Kxh2
Qe5+ 35. Kg1 Red8 36. Qd2 Bf5 37. f4 Qg7 38. Rcd1 Be6 39. Qd4 Qh6 40. Qf2 a6 41.
Rd4 Rc6 42. Red1 Rdc8 43. Be2 Kh7 44. Bg4 Rc4 45. f5 gxf5 46. Bxf5+ Kh8 47. Bxe6
fxe6 48. Rxc4 Rxc4 49. Rf1 e3 50. Qf7 Rc8 51. Rf6 Qg7 52. Qh5+ Kg8 53. Rg6 d4
54. Qg4 Rc7 55. Qxe6+ Kh7 56. Rxg7+ Rxg7 57. Nd5 Rg6 58. Qe4 1-0

[Event "PRO League All Stars St1"]
[Site "chess.com INT"]
[Date "2018.09.08"]
[Round "10"]
[White "Lenic, Luka"]
[Black "Gupta, Abhijeet"]
[Result "0-1"]
[WhiteTitle "GM"]
[BlackTitle "GM"]
[WhiteElo "2656"]
[BlackElo "2588"]
[WhiteTeam "Central"]
[BlackTeam "Eastern"]
[WhiteFideId "14603853"]
[BlackFideId "5010608"]
[EventDate "2018.09.08"]

1. d4 Nf6 2. c4 g6 3. Nc3 d5 4. Nf3 Bg7 5. cxd5 Nxd5 6. Na4 Bf5 7. Nh4 Bd7 8. e4
e5 9. Nf3 exd4 10. Nc5 Qe7 11. Qc2 O-O 12. Bg5 Qe8 13. O-O-O Nb6 14. Nxd4 Nc6
15. Nxc6 Bxc6 16. f4 h6 17. Bh4 g5 18. fxg5 hxg5 19. Bg3 Rd8 20. Be2 Qe7 21. h4
Rxd1+ 22. Bxd1 Rd8 23. Be2 Bd4 24. Nb3 Be3+ 0-1

[Event "PRO League All Stars St1"]
[Site "chess.com INT"]
[Date "2018.09.08"]
[Round "10"]
[White "Vidit, Santosh Gujrathi"]
[Black "Vachier-Lagrave, Maxime"]
[Result "0-1"]
[WhiteTitle "GM"]
[BlackTitle "GM"]
[WhiteElo "2711"]
[BlackElo "2780"]
[WhiteTeam "Eastern"]
[BlackTeam "Central"]
[WhiteFideId "5029465"]
[BlackFideId "623539"]
[EventDate "2018.09.08"]

1. d4 Nf6 2. c4 g6 3. g3 Bg7 4. Bg2 O-O 5. Nc3 c5 6. dxc5 Na6 7. Nf3 Nxc5 8. Nd4
d6 9. O-O Bd7 10. b3 Rc8 11. Bb2 a6 12. Qd2 Qc7 13. Rac1 Qb8 14. Nd5 Nxd5 15.
cxd5 Rfd8 16. Rc4 Be8 17. Rfc1 Nd7 18. h4 Ne5 19. R4c2 Rxc2 20. Rxc2 Rc8 21. Bh3
Rxc2 22. Qxc2 h5 23. Qc8 Qxc8 24. Bxc8 Nd7 25. Bxb7 Nc5 26. Bc6 Kf8 27. Bxe8
Kxe8 28. Kg2 Kd7 29. Kf3 a5 30. Ke3 a4 31. b4 Na6 32. Bc3 Nc7 33. Kd3 Nxd5 34.
Bd2 f5 35. e4 fxe4+ 36. Kxe4 Nb6 37. b5 d5+ 38. Kd3 e5 39. Nc6 e4+ 40. Ke2 d4
41. Bb4 Nc4 42. Bc5 d3+ 43. Kf1 Bc3 44. Bb4 d2 45. Ke2 Nb2 46. Ne5+ Ke6 0-1

[Event "PRO League All Stars St1"]
[Site "chess.com INT"]
[Date "2018.09.08"]
[Round "10"]
[White "Dreev, Aleksey"]
[Black "Shimanov, Aleksandr"]
[Result "1-0"]
[WhiteTitle "GM"]
[BlackTitle "GM"]
[WhiteElo "2649"]
[BlackElo "2626"]
[WhiteTeam "Pacific"]
[BlackTeam "Atlantic"]
[WhiteFideId "4100107"]
[BlackFideId "4198603"]
[EventDate "2018.09.08"]

1. d4 g6 2. Nf3 Bg7 3. g3 c5 4. c4 cxd4 5. Nxd4 Nc6 6. Nxc6 bxc6 7. Bg2 h5 8. h3
Rb8 9. Qc2 Nh6 10. Nc3 Nf5 11. e3 Qc7 12. Bd2 d6 13. Rc1 Bd7 14. b3 Qc8 15. Ne2
e5 16. Rd1 Be6 17. Bc3 Qc7 18. Qd2 d5 19. cxd5 cxd5 20. Bxd5 Nd4 21. Bxd4 Bxd5
22. Bxe5 Bxe5 23. Qxd5 O-O 24. O-O Rfd8 25. Qe4 Qa5 26. a4 Rxd1 27. Rxd1 Rxb3
28. Qd5 Qxd5 29. Rxd5 Bc7 30. Nd4 Ra3 31. Rd7 Bb6 32. Nc6 Rxa4 33. Ne5 Ra1+ 34.
Kg2 Ra2 35. Kf3 Ba5 36. Rxa7 Ra3 37. Nc4 1-0

[Event "PRO League All Stars St1"]
[Site "chess.com INT"]
[Date "2018.09.08"]
[Round "10"]
[White "Iturrizaga Bonelli, Eduardo"]
[Black "Xiong, Jeffery"]
[Result "1-0"]
[WhiteTitle "GM"]
[BlackTitle "GM"]
[WhiteElo "2636"]
[BlackElo "2651"]
[WhiteTeam "Atlantic"]
[BlackTeam "Pacific"]
[WhiteFideId "3901211"]
[BlackFideId "2047640"]
[EventDate "2018.09.08"]

1. Nf3 d5 2. c4 d4 3. e3 Nc6 4. b4 dxe3 5. fxe3 e5 6. b5 Nb4 7. Nc3 Bf5 8. e4
Bg4 9. a3 Bxf3 10. gxf3 Nd3+ 11. Bxd3 Qxd3 12. Qe2 Qd7 13. Bb2 c6 14. Qe3 Ne7
15. O-O-O Ng6 16. Kb1 Rd8 17. Qxa7 Qd3+ 18. Ka1 Be7 19. Qxb7 O-O 20. Qxc6 Ra8
21. a4 Bb4 22. Qd5 Qc2 23. Rc1 Qb3 24. c5 Rxa4+ 25. Nxa4 Qxa4+ 26. Kb1 Qxb5 27.
c6 Qb6 28. c7 Ba3 29. Qa2 Bc5 30. Rxc5 1-0

[Event "PRO League All Stars St1"]
[Site "chess.com INT"]
[Date "2018.09.08"]
[Round "11"]
[White "Xiong, Jeffery"]
[Black "Melkumyan, Hrant"]
[Result "1/2-1/2"]
[WhiteTitle "GM"]
[BlackTitle "GM"]
[WhiteElo "2651"]
[BlackElo "2660"]
[WhiteTeam "Pacific"]
[BlackTeam "Eastern"]
[WhiteFideId "2047640"]
[BlackFideId "13302485"]
[EventDate "2018.09.08"]

1. d4 Nf6 2. Nf3 d5 3. c4 e6 4. g3 dxc4 5. Bg2 Bb4+ 6. Bd2 a5 7. Qc2 c5 8. a3
Bxd2+ 9. Nbxd2 cxd4 10. Nxc4 Nc6 11. O-O O-O 12. Rfd1 Re8 13. Rac1 e5 14. b4
axb4 15. axb4 Nxb4 16. Qb2 Nc6 17. Nb6 Rb8 18. h3 h6 19. e3 d3 20. Nxc8 Qxc8 21.
Nxe5 Rxe5 22. Bxc6 Qf5 23. g4 Qe6 24. Rxd3 h5 25. Bxb7 hxg4 26. Rc8+ Rxc8 27.
Bxc8 Qc4 28. Qxe5 Qxd3 29. hxg4 Qd1+ 30. Kg2 Qd5+ 31. Qxd5 Nxd5 32. Bb7 Ne7 33.
Kf3 f6 34. Ke4 Kf7 35. Bd5+ Kf8 36. f4 g5 37. f5 Nc8 38. Kd4 Ke7 39. Kc5 Nd6 40.
Kc6 Ne8 41. e4 Nd6 42. e5 Ne8 43. e6 Kd8 44. Kc5 Ke7 45. Bc6 Nd6 46. Kd5 Nc8 47.
Kc5 Nd6 48. Bd5 Nc8 49. Kb5 Nd6+ 50. Kb6 Nc8+ 51. Ka6 Nd6 52. Kb6 Nc8+ 53. Kc5
Nd6 54. Kd4 Nc8 55. Bc4 Nd6 56. Ba6 Kd8 57. Kd5 Ke7 58. Kd4 Kd8 59. Kd5 Ke7 60.
Kd4 1/2-1/2

[Event "PRO League All Stars St1"]
[Site "chess.com INT"]
[Date "2018.09.08"]
[Round "11"]
[White "Meier, Georg"]
[Black "Lenderman, Aleksandr"]
[Result "1-0"]
[WhiteTitle "GM"]
[BlackTitle "GM"]
[WhiteElo "2639"]
[BlackElo "2630"]
[WhiteTeam "Central"]
[BlackTeam "Atlantic"]
[WhiteFideId "4675789"]
[BlackFideId "2021285"]
[EventDate "2018.09.08"]

1. Nf3 b6 2. g3 Bb7 3. Bg2 g6 4. c4 Bg7 5. Nc3 Nf6 6. b3 O-O 7. Bb2 c5 8. O-O
Nc6 9. d4 Nxd4 10. Nxd4 Bxg2 11. Kxg2 cxd4 12. Qxd4 d6 13. Rad1 Nd7 14. Qd2 Nc5
15. Nd5 Bxb2 16. Qxb2 f6 17. b4 Nd7 18. Qb3 Rf7 19. Rd4 Ne5 20. f4 Nc6 21. Re4
f5 22. Re3 e6 23. Rxe6 Nd4 24. Qe3 Nxe6 25. Qxe6 Kg7 26. e4 Qe8 27. exf5 Rxf5
28. Re1 Qxe6 29. Rxe6 Rd8 30. b5 Rf7 31. Kf3 Rc8 32. Re4 g5 33. Rd4 gxf4 34.
Nxf4 d5 35. cxd5 Rc2 36. d6 Rd7 37. Ke4 Kf7 38. a4 Rxh2 39. Kd5 Rc2 40. Nd3 Kf6
41. Rf4+ Kg5 42. Ke6 Rd8 43. d7 Re2+ 44. Kd6 Re3 45. Rd4 Rxg3 46. Kc7 Rxd7+ 47.
Rxd7 h5 48. Nf2 Ra3 49. Rd4 Rf3 50. Ne4+ Kg6 51. Nd2 Rf7+ 52. Rd7 Rxd7+ 53. Kxd7
h4 54. Kc7 h3 55. Nf1 Kf5 56. Kb7 Kf4 57. Kxa7 Kf3 58. a5 Kf2 59. Nh2 Kg3 60.
axb6 Kxh2 61. b7 Kg1 62. b8=Q h2 63. Qg3+ Kh1 64. Qxh2+ Kxh2 65. b6 1-0

[Event "PRO League All Stars St1"]
[Site "chess.com INT"]
[Date "2018.09.08"]
[Round "11"]
[White "Andriasian, Zaven"]
[Black "Smirnov, Anton"]
[Result "0-1"]
[WhiteTitle "GM"]
[BlackTitle "GM"]
[WhiteElo "2603"]
[BlackElo "2549"]
[WhiteTeam "Eastern"]
[BlackTeam "Pacific"]
[WhiteFideId "13302000"]
[BlackFideId "3208923"]
[EventDate "2018.09.08"]

1. e4 e5 2. Nf3 Nf6 3. Nxe5 d6 4. Nf3 Nxe4 5. Nc3 Nxc3 6. dxc3 Be7 7. Be3 Nd7 8.
Qd2 O-O 9. O-O-O c6 10. h4 d5 11. Ng5 Bc5 12. Bf4 Nf6 13. f3 Re8 14. Kb1 Qb6 15.
Bd3 Be3 16. Bxe3 Qxe3 17. Rhe1 Qxd2 18. Rxe8+ Nxe8 19. Bxh7+ Kh8 20. Rxd2 f6 21.
Bg6 fxg5 22. Bxe8 gxh4 23. Bg6 Bd7 24. Rd4 h3 25. Rh4+ Kg8 26. g4 Rf8 27. Bh7+
Kf7 28. Bd3 Kf6 29. Rxh3 Kg5 30. Kc1 Kf4 31. Kd2 c5 32. Be2 Rf7 33. Rh8 Bc6 34.
Re8 Bxe8 0-1

[Event "PRO League All Stars St1"]
[Site "chess.com INT"]
[Date "2018.09.08"]
[Round "11"]
[White "Le, Quang Liem"]
[Black "Vachier-Lagrave, Maxime"]
[Result "1/2-1/2"]
[WhiteTitle "GM"]
[BlackTitle "GM"]
[WhiteElo "2715"]
[BlackElo "2780"]
[WhiteTeam "Atlantic"]
[BlackTeam "Central"]
[WhiteFideId "12401137"]
[BlackFideId "623539"]
[EventDate "2018.09.08"]

1. c4 Nf6 2. Nc3 e5 3. Nf3 Nc6 4. e3 Bb4 5. Qc2 Bxc3 6. Qxc3 Qe7 7. b3 O-O 8.
Bb2 Re8 9. a3 d5 10. d4 Ne4 11. Qc2 exd4 12. cxd5 dxe3 13. fxe3 Nc5 14. O-O-O
Nd8 15. Kb1 f6 16. Bb5 Bd7 17. Bxd7 Nxd7 18. Qxc7 Nc5 19. Qxe7 Rxe7 20. b4 Ne4
21. d6 Rd7 22. Rd4 Nxd6 23. Rhd1 N8f7 24. e4 Re8 25. e5 fxe5 26. Rd5 e4 27. Ne5
Rde7 28. Rxd6 Nxd6 29. Rxd6 Rxe5 30. Bxe5 Rxe5 31. Kc2 Kf7 32. Kd2 Ke7 33. Rd4
e3+ 34. Ke2 Ke6 35. g3 h5 36. h4 g6 37. Rd8 Kf5 38. Rd7 Kg4 39. Rxb7 Kxg3 40.
Rxa7 Kxh4 41. a4 g5 42. b5 g4 43. b6 Re4 44. a5 Rb4 45. Rg7 g3 46. b7 g2 47. a6
Rg4 48. b8=Q g1=Q 49. Qd8+ Kh3 50. Rxg4 hxg4 51. Qh8+ Kg2 52. Qa8+ Kg3 53. Qb8+
Kh3 54. Qh8+ Kg2 55. Qa8+ Kh2 56. Qh8+ Kg3 57. Qb8+ Kh3 1/2-1/2

[Event "PRO League All Stars St1"]
[Site "chess.com INT"]
[Date "2018.09.08"]
[Round "11"]
[White "Gupta, Abhijeet"]
[Black "Dreev, Aleksey"]
[Result "0-1"]
[WhiteTitle "GM"]
[BlackTitle "GM"]
[WhiteElo "2588"]
[BlackElo "2649"]
[WhiteTeam "Eastern"]
[BlackTeam "Pacific"]
[WhiteFideId "5010608"]
[BlackFideId "4100107"]
[EventDate "2018.09.08"]

1. d4 d5 2. c4 c6 3. Nf3 Nf6 4. Nc3 e6 5. Bg5 Nbd7 6. cxd5 exd5 7. e3 Be7 8. Bd3
Ne4 9. Bf4 Ndf6 10. h3 Bf5 11. Qc2 Nxc3 12. Bxf5 Nce4 13. O-O g6 14. Bxe4 Nxe4
15. Bh6 f6 16. b4 Qd7 17. Rab1 Kf7 18. Ne1 g5 19. Nd3 Rhg8 20. b5 cxb5 21. Rfc1
Rac8 22. Qe2 Rc4 23. Qh5+ Rg6 24. Bxg5 Nxg5 25. Nf4 Kg7 26. Nxg6 hxg6 27. Qh4
Ne4 28. Re1 f5 29. Qf4 Bd6 30. Qh4 Qf7 31. g4 Be7 0-1

[Event "PRO League All Stars St1"]
[Site "chess.com INT"]
[Date "2018.09.08"]
[Round "11"]
[White "Iturrizaga Bonelli, Eduardo"]
[Black "Jones, Gawain C B"]
[Result "1-0"]
[WhiteTitle "GM"]
[BlackTitle "GM"]
[WhiteElo "2636"]
[BlackElo "2677"]
[WhiteTeam "Atlantic"]
[BlackTeam "Central"]
[WhiteFideId "3901211"]
[BlackFideId "409561"]
[EventDate "2018.09.08"]

1. c4 Nf6 2. g3 g6 3. Bg2 Bg7 4. Nc3 c5 5. Nf3 O-O 6. d4 d6 7. O-O Nc6 8. e3 Bg4
9. h3 Bxf3 10. Bxf3 Nd7 11. Ne2 Qb6 12. dxc5 Nxc5 13. Rb1 Ne5 14. Nf4 Nxf3+ 15.
Qxf3 a5 16. Nd5 Qd8 17. Rd1 e6 18. Nf4 Qc7 19. b3 Rab8 20. Bb2 Bxb2 21. Rxb2 b5
22. cxb5 Rxb5 23. Rbd2 d5 24. Rc2 Qb6 25. h4 a4 26. bxa4 Nxa4 27. h5 Rb2 28.
Rcc1 Qb4 29. Rd4 Qa3 30. Rc7 e5 31. Nxd5 exd4 32. Qf6 gxh5 33. Qg5+ Kh8 34. Qf6+
Kg8 35. Ne7+ Qxe7 36. Rxe7 d3 37. Qg5+ Kh8 38. Qf6+ Kg8 39. Re5 h6 40. Qxh6 Rb6
41. Rg5+ Rg6 42. Rxg6+ fxg6 43. Qxg6+ Kh8 44. Qh6+ Kg8 45. Qg6+ Kh8 46. Qxd3 Kg8
47. Qc4+ Kg7 48. Qxa4 Rf6 49. Qd4 Kg6 50. Qxf6+ Kxf6 51. Kg2 1-0

[Event "PRO League All Stars St1"]
[Site "chess.com INT"]
[Date "2018.09.08"]
[Round "11"]
[White "Lenic, Luka"]
[Black "Shimanov, Aleksandr"]
[Result "0-1"]
[WhiteTitle "GM"]
[BlackTitle "GM"]
[WhiteElo "2656"]
[BlackElo "2626"]
[WhiteTeam "Central"]
[BlackTeam "Atlantic"]
[WhiteFideId "14603853"]
[BlackFideId "4198603"]
[EventDate "2018.09.08"]

1. d4 Nf6 2. c4 g6 3. Nc3 Bg7 4. e4 O-O 5. f3 c6 6. Be3 d6 7. Bd3 a6 8. c5 Nbd7
9. cxd6 exd6 10. Nge2 Re8 11. O-O b5 12. Qd2 Bb7 13. Bh6 Bh8 14. Rae1 c5 15. d5
Ne5 16. Ng3 b4 17. Nd1 c4 18. Bb1 a5 19. h3 Rc8 20. f4 Ned7 21. Ne3 c3 22. bxc3
bxc3 23. Qf2 Nc5 24. Qf3 Ba6 25. Rf2 Nd3 26. Bxd3 Bxd3 27. Nef5 Bc4 28. Bg5 Bxd5
29. Rd1 c2 30. Rc1 Bxa2 31. Rfxc2 Rxc2 32. Rxc2 Bb1 33. Rd2 Qb6+ 34. Kh2 gxf5
35. Nxf5 Bxe4 36. Nh6+ Kf8 37. Qg3 Bg6 38. f5 Ne4 39. Qh4 Be5+ 40. Bf4 Nxd2 41.
fxg6 hxg6 0-1

[Event "PRO League All Stars St1"]
[Site "chess.com INT"]
[Date "2018.09.08"]
[Round "12"]
[White "Dreev, Aleksey"]
[Black "Lenic, Luka"]
[Result "1/2-1/2"]
[WhiteTitle "GM"]
[BlackTitle "GM"]
[WhiteElo "2649"]
[BlackElo "2656"]
[WhiteTeam "Pacific"]
[BlackTeam "Central"]
[WhiteFideId "4100107"]
[BlackFideId "14603853"]
[EventDate "2018.09.08"]

1. d4 Nf6 2. Nf3 e6 3. c4 d5 4. Nc3 c5 5. cxd5 Nxd5 6. e4 Nxc3 7. bxc3 cxd4 8.
cxd4 Bb4+ 9. Bd2 Bxd2+ 10. Qxd2 O-O 11. Bc4 Nd7 12. O-O b6 13. Rfe1 Bb7 14. Rad1
Rc8 15. Bd3 h6 16. h3 Re8 17. Qf4 Qf6 18. Qd6 Qe7 19. Qf4 Qf6 20. Qd6 Qe7 21.
Qf4 Qf6 1/2-1/2

[Event "PRO League All Stars St1"]
[Site "chess.com INT"]
[Date "2018.09.08"]
[Round "12"]
[White "Shimanov, Aleksandr"]
[Black "Gupta, Abhijeet"]
[Result "1-0"]
[WhiteTitle "GM"]
[BlackTitle "GM"]
[WhiteElo "2626"]
[BlackElo "2588"]
[WhiteTeam "Atlantic"]
[BlackTeam "Eastern"]
[WhiteFideId "4198603"]
[BlackFideId "5010608"]
[EventDate "2018.09.08"]

1. c4 Nf6 2. g3 c6 3. Bg2 d5 4. Nf3 g6 5. b3 d4 6. e3 c5 7. exd4 cxd4 8. O-O Bg7
9. Re1 O-O 10. d3 Nc6 11. Na3 Nd7 12. Nc2 a5 13. Ba3 Re8 14. Nd2 Nde5 15. Ne4
Qc7 16. h3 b6 17. f4 Nd7 18. Nd6 Rd8 19. Nb5 Qb7 20. Rxe7 Bf8 21. Bd5 Bxe7 22.
Bxe7 Nxe7 23. Bxb7 Bxb7 24. Ncxd4 Nc5 25. Qe2 Nf5 26. Nxf5 gxf5 27. d4 Ne4 28.
d5 Kh8 29. Kh2 Rg8 30. Rg1 Rae8 31. Qb2+ f6 32. Nd4 Bc8 33. Re1 Bd7 34. Re3 Rg7
35. g4 fxg4 36. f5 gxh3 37. Rxh3 Ng5 38. Rg3 Re4 39. Ne6 Nxe6 40. fxe6 Rh4+ 41.
Kg2 Bxe6 42. dxe6 1-0

[Event "PRO League All Stars St1"]
[Site "chess.com INT"]
[Date "2018.09.08"]
[Round "12"]
[White "Vidit, Santosh Gujrathi"]
[Black "Le, Quang Liem"]
[Result "0-1"]
[WhiteTitle "GM"]
[BlackTitle "GM"]
[WhiteElo "2711"]
[BlackElo "2715"]
[WhiteTeam "Eastern"]
[BlackTeam "Atlantic"]
[WhiteFideId "5029465"]
[BlackFideId "12401137"]
[EventDate "2018.09.08"]

1. e4 c6 2. d4 d5 3. exd5 cxd5 4. Bd3 Nc6 5. c3 Nf6 6. Bf4 Bg4 7. Qb3 Qd7 8. Nd2
e6 9. Ngf3 Bd6 10. Bxd6 Qxd6 11. Qxb7 Rb8 12. Qa6 O-O 13. Bb5 Rb6 14. Qa4 Ne7
15. b3 Ng6 16. O-O a6 17. Be2 Ne4 18. c4 Nc3 19. c5 Qb8 20. Qa5 Nxe2+ 21. Kh1
Rc6 22. a4 Bxf3 23. Nxf3 Qxb3 24. Rab1 Qd3 25. Rfd1 Qf5 26. Rb6 Rcc8 27. Qxa6
Ngf4 28. Qb5 Nc3 0-1

[Event "PRO League All Stars St1"]
[Site "chess.com INT"]
[Date "2018.09.08"]
[Round "12"]
[White "Jones, Gawain C B"]
[Black "Xiong, Jeffery"]
[Result "0-1"]
[WhiteTitle "GM"]
[BlackTitle "GM"]
[WhiteElo "2677"]
[BlackElo "2651"]
[WhiteTeam "Central"]
[BlackTeam "Pacific"]
[WhiteFideId "409561"]
[BlackFideId "2047640"]
[EventDate "2018.09.08"]

1. e4 c5 2. Nf3 d6 3. Bb5+ Nd7 4. a4 Nf6 5. Nc3 a6 6. Bc4 b6 7. O-O Bb7 8. Re1
Qc8 9. d3 g6 10. Bg5 Bg7 11. Qd2 O-O 12. Bh6 Bc6 13. Nd5 Re8 14. Bxg7 Kxg7 15.
b4 Qb7 16. Nxf6 Nxf6 17. b5 axb5 18. axb5 Bd7 19. Rxa8 Qxa8 20. e5 Nd5 21. h4
Nc7 22. exd6 exd6 23. Qf4 Rxe1+ 24. Nxe1 Qf8 25. h5 Bxb5 26. h6+ Kg8 27. Bxb5
Nxb5 28. Nf3 Nc3 29. Qf6 Nd5 30. Qg5 f5 31. c4 Nf6 32. Qf4 Ng4 33. d4 Qxh6 34.
Ng5 cxd4 35. f3 Ne5 36. Qd2 d3 37. f4 Ng4 38. Nf3 Qg7 39. Qxd3 Qa1+ 40. Qf1
Qxf1+ 41. Kxf1 Ne3+ 42. Ke2 Nxg2 43. Kd3 Nxf4+ 44. Kd4 h6 45. Nh4 Kf7 46. Kc3
Kf6 47. Nf3 g5 48. Kd4 g4 49. Nd2 h5 50. Ke3 Ne6 51. Nb3 h4 52. Nc1 h3 53. Kf2
f4 54. Ne2 h2 55. Kg2 f3+ 0-1

[Event "PRO League All Stars St1"]
[Site "chess.com INT"]
[Date "2018.09.08"]
[Round "12"]
[White "Lenderman, Aleksandr"]
[Black "Andriasian, Zaven"]
[Result "0-1"]
[WhiteTitle "GM"]
[BlackTitle "GM"]
[WhiteElo "2630"]
[BlackElo "2603"]
[WhiteTeam "Atlantic"]
[BlackTeam "Eastern"]
[WhiteFideId "2021285"]
[BlackFideId "13302000"]
[EventDate "2018.09.08"]

1. d4 Nf6 2. c4 c5 3. Nf3 cxd4 4. Nxd4 Nc6 5. Nc3 e6 6. a3 Be7 7. e4 Qc7 8. Be3
b6 9. Be2 Bb7 10. f3 O-O 11. Rc1 Rad8 12. Qd2 Qb8 13. Bf2 d5 14. cxd5 exd5 15.
Bg3 Bd6 16. Nxc6 Bxg3+ 17. hxg3 Qxg3+ 18. Kf1 Bxc6 19. Rh3 Qb8 20. exd5 Bxd5 21.
Qg5 Be6 22. Rg3 g6 23. Kf2 Nh5 24. Ne4 Nxg3 25. Nxg3 Rd5 26. Qh6 Qe5 27. Ne4
Qd4+ 28. Kf1 Rh5 0-1